| 000 | 00520nam a2200181 a 4500 | ||
|---|---|---|---|
| 001 | 2015 | ||
| 005 | 20140414132039.0 | ||
| 008 | 050216s19uu xx 00 eng d | ||
| 020 | _a0-8136-2907-1 | ||
| 050 |
_aBB _bAI7 1992 |
||
| 100 | _aJones, Anne G. | ||
| 245 |
_aAir, water, and your health / _cwritten by Anne G. Jones. |
||
| 260 |
_aCleveland, Ohio : _bModern Curriculum Press, _c1992. |
||
| 300 | _a16 p. : ill. ; cm. | ||
| 440 | _aConcept Health | ||
| 650 |
_aHealth _xJuvenile literature. |
||
| 999 |
_c113813 _d113813 |
||